[Event "Detroit (MOR/3/108)"]
[Site "?"]
[Date "1992.??.??"]
[Round "?"]
[White "Smith, K."]
[Black "Thornton, Ivan"]
[Result "1-0"]
[WhiteElo "1605"]
[BlackElo "1605"]
[PlyCount "120"]
[EventDate "1992.??.??"]

{3/(108)} 1. c4 Nf6 2. d4 e5 3. d5 Ne4 4. Nf3 Qf6 5. g3 Bb4+ 6. Bd2 Bxd2+ 7.
Nbxd2 Nxd2 8. Qxd2 d6 9. Bg2 O-O 10. O-O Na6 11. b4 Bd7 12. a4 c6 13. e4 c5 14.
b5 Nb4 15. a5 Bg4 16. Ra3 b6 17. a6 Qg6 18. Qg5 Qxg5 19. Nxg5 Be2 20. Rc1 h6
21. Bf3 Bxc4 22. Nxf7 Bxb5 23. Nxd6 Bxa6 24. Bh5 Bd3 25. f3 a6 26. Kf2 Rad8 27.
Nf5 Kh7 28. Nh4 Bxe4 29. Ke3 Bxd5 30. Bg6+ Kh8 31. Be4 g5 32. Ng6+ Kg7 33. Nxf8
Rxf8 34. Bxd5 Nxd5+ 35. Ke4 Nc7 36. Rb3 Rf6 37. Kxe5 Re6+ 38. Kf5 Re2 39. Rxb6
Nd5 40. Rb7+ Kf8 41. Rxc5 Ne3+ 42. Kg6 Ng2 43. Rc8+ Re8 44. Rxe8+ Kxe8 45. Kxh6
g4 46. fxg4 Ne3 47. Kg6 Nxg4 48. Kf5 Nxh2 49. Ke6 Kd8 50. Rd7+ Kc8 51. Kd6 Ng4
52. Rf7 a5 53. Re7 Kb8 54. Rf7 Nh6 55. Rh7 Nf5+ 56. Kc6 Nxg3 57. Rc7 a4 58. Kb6
Ne4 59. Re7 Nd6 60. Kc6 Nc4 1-0

[Event "Detroit (MOR/7/92)"]
[Site "?"]
[Date "1992.??.??"]
[Round "?"]
[White "Smith, K."]
[Black "Motley, Gerald"]
[Result "1-0"]
[WhiteElo "1605"]
[BlackElo "1605"]
[PlyCount "128"]
[EventDate "1992.??.??"]

{7/(92)} 1. d4 d5 2. c4 e6 3. Nf3 Nf6 4. Bf4 Nc6 5. e3 Bd6 6. Ne5 Bd7 7. Bd3
Nb4 8. Nc3 Nxd3+ 9. Qxd3 c6 10. Nxf7 Kxf7 11. Bxd6 Be8 12. c5 Bd7 13. O-O Ne8
14. Be5 Nf6 15. f3 Kg8 16. Rf2 Be8 17. Raf1 Bg6 18. e4 Qe7 19. Qe2 Qd7 20. Bxf6
gxf6 21. f4 f5 22. e5 Kf7 23. Qe1 h5 24. h4 Rag8 25. b4 a6 26. Na4 Qd8 27. Rb2
Ke7 28. Nb6 Rh7 29. Rff2 Rhg7 30. g3 Be8 31. Rg2 Rg4 32. Qf2 Kf8 33. a4 R8g7
34. a5 Ke7 35. Rb3 Qc7 36. Kh2 Kd8 37. Na4 Qe7 38. Kh3 Qf7 39. Nc3 Qg8 40. Ne2
Bd7 41. Kh2 Ke7 42. Qf3 Be8 43. Nc3 Kd8 44. Na4 Bd7 45. Nb6 Be8 46. Kg1 Qf8 47.
Kf1 Qg8 48. Qf2 R7g6 49. Ke1 Qg7 50. Kd1 Qe7 51. Na4 Qg7 52. Ke1 Qf7 53. Kf1
Rg8 54. Kg1 R4g7 55. Kh2 Qg6 56. Kh3 Qg4+ 57. Kh2 Qd1 58. Qf3 Qxd4 59. Nc3 Qc4
60. Ne2 Rd7 61. Qc3 Qe4 62. Nd4 Rg4 63. Re2 Rxh4+ 64. gxh4 Qxf4+ 1-0

[Event "Ann Arbor (HVA/2/2)"]
[Site "?"]
[Date "1992.??.??"]
[Round "?"]
[White "Smith, Ed"]
[Black "Turner, P."]
[Result "1/2-1/2"]
[WhiteElo "1925"]
[BlackElo "1800"]
[PlyCount "112"]
[EventDate "1992.??.??"]

{2/(2)} 1. f4 d5 2. b3 Nf6 3. Bb2 Nbd7 4. Nf3 e6 5. e3 Bd6 6. Be2 c6 7. c4 O-O
8. O-O Qc7 9. d4 Ne4 10. c5 Be7 11. Nc3 f5 12. Nxe4 fxe4 13. Ng5 Nf6 14. g4 Bd7
15. Nh3 Ne8 16. Kg2 Qd8 17. Bc3 g6 18. Be1 Ng7 19. b4 Rf7 20. a4 a6 21. Qb3 h6
22. Bg3 Kh7 23. Nf2 Qg8 24. b5 h5 25. h3 h4 26. Bh2 g5 27. bxa6 gxf4 28. Bxf4
bxa6 29. Kh2 Qc8 30. Rab1 Bd8 31. Qb7 a5 32. Kg2 Be8 33. Qxc8 Rxc8 34. Rb3 Bc7
35. Bxc7 Rfxc7 36. Rfb1 Kg6 37. Rb6 Ra8 38. Rb7 Ra7 39. Rxc7 Rxc7 40. Rb6 Ra7
41. Nd1 Kf6 42. Ba6 e5 43. Bb7 exd4 44. exd4 Ne6 45. Bxc6 Bxc6 46. Rxc6 Ke7 47.
Ne3 Nxd4 48. Nxd5+ Kd8 49. Rh6 Rf7 50. Rxh4 Kd7 51. Rh6 Rg7 52. Nf6+ Kc7 53.
Nxe4 Re7 54. Nc3 Re5 55. Nb5+ Nxb5 56. axb5 Rxc5 1/2-1/2

[Event "Flint (Class A/3)"]
[Site "?"]
[Date "1992.??.??"]
[Round "?"]
[White "Smith, Ed"]
[Black "Robbins, Fred"]
[Result "0-1"]
[WhiteElo "1890"]
[BlackElo "1875"]
[PlyCount "60"]
[EventDate "1992.??.??"]

1. f4 Nf6 2. Nf3 g6 3. b3 Bg7 4. Bb2 O-O 5. e3 d6 6. Be2 c5 7. O-O b6 8. c4 Bb7
9. Nc3 Nbd7 10. Qc2 e6 11. Rad1 Qe7 12. d4 cxd4 13. exd4 Rac8 14. Qd2 Rfd8 15.
Qe1 d5 16. Nb5 Ne4 17. Nd2 Ndf6 18. Nxe4 Nxe4 19. Bf3 a6 20. Bxe4 axb5 21. cxd5
Bxd5 22. Qe2 Qb7 23. Bd3 b4 24. Rc1 Qa7 25. Ba1 b5 26. Rxc8 Rxc8 27. Bxb5 Bxd4+
28. Bxd4 Qxd4+ 29. Kh1 Rc3 30. h3 Rxh3# 0-1

[Event "Flint (Class A/1)"]
[Site "?"]
[Date "1992.??.??"]
[Round "?"]
[White "Smith, Ed"]
[Black "Grossman, Jay"]
[Result "1/2-1/2"]
[WhiteElo "1890"]
[BlackElo "1810"]
[PlyCount "102"]
[EventDate "1992.??.??"]

1. f4 d5 2. b3 Nf6 3. Bb2 e6 4. Nf3 c5 5. e3 Nc6 6. Bb5 Be7 7. O-O O-O 8. Bxc6
bxc6 9. Nc3 Qc7 10. Ne2 Ba6 11. d3 Rfd8 12. Qe1 c4 13. dxc4 dxc4 14. Ne5 Nd5
15. Rf3 cxb3 16. axb3 Bxe2 17. Qxe2 Bf6 18. g4 Bxe5 19. Bxe5 Qe7 20. g5 Rd7 21.
Qc4 c5 22. Ra5 Rc8 23. e4 Nb6 24. Qe2 c4 25. Bb2 cxb3 26. Rxb3 Qd8 27. Rd3 Nc4
28. Rb5 Nxb2 29. Rxb2 Rxd3 30. Qxd3 Qxd3 31. cxd3 a5 32. Kf2 a4 33. Ra2 Ra8 34.
Ra3 Kf8 35. Ke3 Ke7 36. Kd4 Kd6 37. Kc4 Kc6 38. d4 Kb6 39. Kb4 Rd8 40. Rd3 Ra8
41. f5 exf5 42. exf5 Kc6 43. Ka3 Ra5 44. f6 Rxg5 45. fxg7 Rxg7 46. Kxa4 Kd5 47.
Kb4 Rg4 48. Kc3 f5 49. Rh3 Rxd4 50. Rxh7 Re4 51. Kd3 Re8 1/2-1/2

[Event "Detroit (MI Op/6/40)"]
[Site "?"]
[Date "1992.??.??"]
[Round "?"]
[White "Smith, Daryn"]
[Black "Thurman, John"]
[Result "1/2-1/2"]
[WhiteElo "1875"]
[BlackElo "1755"]
[PlyCount "88"]
[EventDate "1992.??.??"]

{6/(40)} 1. d4 d5 2. c4 dxc4 3. Nf3 Nf6 4. Nc3 Bg4 5. e3 e6 6. Bxc4 Be7 7. O-O
O-O 8. Be2 c5 9. dxc5 Bxc5 10. a3 a5 11. b3 Qe7 12. Qc2 Nc6 13. Bb2 Rfd8 14.
Na4 Ba7 15. Rad1 Rac8 16. Qb1 e5 17. Rfe1 Rxd1 18. Rxd1 e4 19. Bxf6 Qxf6 20.
Qxe4 Bf5 21. Qh4 Qxh4 22. Nxh4 Bc2 23. Rc1 Bxb3 24. Bb5 Bd5 25. Nf5 Kf8 26. h3
Ne7 27. Rxc8+ Nxc8 28. Nc3 Be6 29. Nd4 Bxd4 30. exd4 Nd6 31. Bd3 h6 32. Kf1 Bc4
33. Ke2 Ke7 34. Ke3 Bxd3 35. Kxd3 Ke6 36. a4 g5 37. g3 f5 38. f4 gxf4 39. gxf4
Kf6 40. d5 b6 41. Kd4 Nb7 42. h4 Nc5 43. h5 Nb7 44. Kc4 Nd6+ 1/2-1/2

[Event "Detroit (MI Op/2/32)"]
[Site "?"]
[Date "1992.??.??"]
[Round "?"]
[White "Smith, Daryn"]
[Black "Thompson, Dexter"]
[Result "0-1"]
[WhiteElo "1875"]
[BlackElo "2315"]
[PlyCount "32"]
[EventDate "1992.??.??"]

{2/(32)} 1. e4 e5 2. Nf3 Nc6 3. Bb5 a6 4. Ba4 Nf6 5. O-O b5 6. Bb3 Be7 7. Re1
O-O 8. c3 d5 9. exd5 e4 10. dxc6 exf3 11. Qxf3 Bg4 12. Qe3 Re8 13. Qd4 Bd6 14.
Rxe8+ Qxe8 15. Qd3 Qe1+ 16. Qf1 Bxh2+ 0-1

[Event "Detroit (MI Op/7/39)"]
[Site "?"]
[Date "1992.??.??"]
[Round "?"]
[White "Smith, Daryn"]
[Black "Garrison, Ray"]
[Result "1-0"]
[WhiteElo "1875"]
[BlackElo "1895"]
[PlyCount "121"]
[EventDate "1992.??.??"]

{7/(39)} 1. d4 f5 2. c4 Nf6 3. Nc3 d6 4. Nf3 g6 5. b3 Bg7 6. Bb2 O-O 7. e3 a5
8. Be2 h6 9. O-O g5 10. h3 Qe8 11. Qc2 Na6 12. a3 c6 13. Rad1 Nc7 14. d5 Bd7
15. Na4 c5 16. Nb6 Ra6 17. Nxd7 Qxd7 18. Bd3 Nh5 19. Bxg7 Nxg7 20. Rfe1 Nce8
21. e4 g4 22. hxg4 fxg4 23. Nh4 e5 24. g3 Nf6 25. a4 Nh7 26. Bf1 Ng5 27. Bg2
Raa8 28. Re3 Rf6 29. Rf1 Raf8 30. Qd1 Nh5 31. Nf5 Ng7 32. Qxg4 Nxf5 33. exf5
Qxf5 34. Qxf5 Rxf5 35. f3 h5 36. Kf2 Nh7 37. Rh1 Nf6 38. Ke2 Rg5 39. Rh3 Rf7
40. Ke1 Rfg7 41. Kf2 Rf7 42. Ke2 Rfg7 43. Kf2 e4 44. Rc3 exf3 45. Bxf3 h4 46.
gxh4 Rf5 47. Ke2 Nh5 48. Bxh5 Rg2+ 49. Ke3 Rxh5 50. Kf4 Rg7 51. Rcg3 Rxg3 52.
Rxg3+ Kf7 53. Rf3 Ke7 54. Kg4 Rh8 55. h5 Rg8+ 56. Kh4 Rh8 57. Rg3 Kf6 58. Rg6+
Ke5 59. h6 Kf4 60. Rxd6 Rg8 61. Rf6+ 1-0

[Event "Detroit (MI Op/4/31)"]
[Site "?"]
[Date "1992.??.??"]
[Round "?"]
[White "Smith, Daryn"]
[Black "Calton, Bill"]
[Result "0-1"]
[WhiteElo "1875"]
[BlackElo "2045"]
[PlyCount "124"]
[EventDate "1992.??.??"]

{4/(31)} 1. d4 c6 2. e4 d5 3. Nc3 dxe4 4. Nxe4 Nf6 5. Nxf6+ gxf6 6. Be3 Bf5 7.
Ne2 Nd7 8. Ng3 Bg6 9. h4 h5 10. Be2 e6 11. c3 Qa5 12. Qb3 O-O-O 13. O-O-O Bd6
14. Bf3 f5 15. Ne2 e5 16. dxe5 Nxe5 17. Rd4 Bc5 18. Rxd8+ Rxd8 19. Nf4 Bxe3+
20. fxe3 Qc5 21. Re1 Rd3 22. Qb4 Qxb4 23. cxb4 Rd8 24. Re2 Kc7 25. a3 Nd3+ 26.
Kc2 Ne5 27. b3 Ng4 28. g3 Re8 29. Bxg4 fxg4+ 30. Nxg6 fxg6 31. e4 Kd6 32. Kd3
Rf8 33. Re3 Ke5 34. Ke2 Rf7 35. a4 Rd7 36. Rd3 Rd4 37. Rxd4 Kxd4 38. e5 Kxe5
39. Ke3 Kf5 40. b5 cxb5 41. axb5 g5 42. hxg5 Kxg5 43. b6 a6 44. Ke4 h4 45.
gxh4+ Kxh4 46. Ke5 g3 47. Kd6 g2 48. Kc7 g1=Q 49. Kxb7 Qf1 50. Ka7 Qb5 51. b7
Qxb3 52. Kxa6 Kg5 53. Ka7 Qa4+ 54. Kb6 Qb4+ 55. Kc7 Qc5+ 56. Kd7 Qb6 57. Kc8
Qc6+ 58. Kb8 Kf6 59. Ka7 Qc7 60. Ka8 Qa5+ 61. Kb8 Ke7 62. Kc8 Qd8# 0-1

[Event "Detroit (MOR/3/67)"]
[Site "?"]
[Date "1992.??.??"]
[Round "?"]
[White "Smeltzer, P."]
[Black "Tanner, M."]
[Result "1-0"]
[WhiteElo "1605"]
[BlackElo "1620"]
[PlyCount "35"]
[EventDate "1992.??.??"]

{3/(67)} 1. g3 c5 2. Bg2 d5 3. c4 dxc4 4. Qa4+ Bd7 5. Qxc4 Qc7 6. Nf3 b5 7. Qc2
Nf6 8. Nd4 Nc6 9. Nxb5 Qb6 10. N5c3 e6 11. O-O Rc8 12. d3 Be7 13. Be3 Nd4 14.
Qd2 O-O 15. Na3 Ng4 16. Nc4 Qc7 17. Bf4 e5 18. Nd5 1-0

[Event "Detroit (MOR/1a/68)"]
[Site "?"]
[Date "1992.??.??"]
[Round "?"]
[White "Smeltzer, P."]
[Black "Smalec, Joseph"]
[Result "1-0"]
[WhiteElo "1605"]
[BlackElo "1605"]
[PlyCount "23"]
[EventDate "1992.??.??"]

1. d4 Nc6 2. e4 e5 3. Nf3 exd4 4. Nxd4 Ne5 5. Be2 Bb4+ 6. c3 Ba5 7. Bf4 Nc4 8.
Bxc4 Qh4 9. Qf3 Bb6 10. Bg5 Qxg5 11. Qxf7+ Kd8 12. Qf8# 1-0

[Event "Detroit (MOR/4/58)"]
[Site "?"]
[Date "1992.??.??"]
[Round "?"]
[White "Smeltzer, P."]
[Black "Smalec, John"]
[Result "0-1"]
[WhiteElo "1605"]
[BlackElo "1790"]
[PlyCount "86"]
[EventDate "1992.??.??"]

{4/(58)} 1. g3 d5 2. d4 Nf6 3. Bg2 g6 4. Nf3 Bg7 5. c4 e6 6. c5 O-O 7. O-O c6
8. h4 Nbd7 9. Nc3 b6 10. b4 a5 11. Ba3 axb4 12. Bxb4 bxc5 13. dxc5 Nh5 14. Qd2
Re8 15. a4 e5 16. a5 e4 17. Nd4 Qc7 18. e3 Ne5 19. f4 Nd3 20. Nce2 Ra6 21. Rab1
Bf8 22. Nb3 Bg4 23. Kh2 Bxe2 24. Qxe2 Nxb4 25. Nd4 Nd3 26. Rb6 Rxa5 27. Rxc6
Qa7 28. f5 Ra2 29. Qd1 Qb8 30. Ne2 Rxe2 31. Qxe2 Nxg3 32. Qg4 Nxf1+ 33. Kg1
Nxe3 34. Qg5 Qb1+ 35. Kh2 Qb8+ 36. Kg1 Nxf5 37. h5 Qb1+ 38. Kh2 Qb8+ 39. Kg1
Bxc5+ 40. Rxc5 Qb6 41. Kh2 Qxc5 42. hxg6 Qd6+ 43. Kg1 Qxg6 0-1

[Event "Detroit (MOR/6/82)"]
[Site "?"]
[Date "1992.??.??"]
[Round "?"]
[White "Smeltzer, P."]
[Black "Kyser, Bob"]
[Result "1-0"]
[WhiteElo "1605"]
[BlackElo "1605"]
[PlyCount "95"]
[EventDate "1992.??.??"]

{6/(82)} 1. g3 e5 2. Bg2 Nf6 3. d4 e4 4. Bf4 d5 5. h4 Bd6 6. Qd2 Nc6 7. Nc3 Qe7
8. Bg5 h6 9. Bxf6 Qxf6 10. Nxd5 Qxd4 11. Qxd4 Nxd4 12. O-O-O c5 13. c4 f5 14.
e3 Nc6 15. Ne2 Be6 16. Nec3 Nb4 17. Bf1 Bxd5 18. cxd5 a6 19. a3 Nd3+ 20. Bxd3
exd3 21. Rxd3 c4 22. Rd2 b5 23. f4 b4 24. axb4 Bxb4 25. Rd4 Rc8 26. d6 Kd7 27.
Kc2 Rc6 28. Rhd1 Re8 29. Nd5 Bc5 30. Rxc4 Bxd6 31. b3 Rxc4+ 32. bxc4 Kc6 33.
Rb1 Rb8 34. Ra1 Ra8 35. Ra5 Bc5 36. Kd3 g6 37. Kc3 Bb6 38. Ra2 a5 39. Ne7+ Kb7
40. Rb2 Re8 41. Nd5 Re6 42. c5 Rc6 43. Rxb6+ Rxb6 44. Nxb6 Kc6 45. Na4 Kd5 46.
Kd3 h5 47. Kc3 Kc6 48. Kc4 1-0

[Event "Detroit (MOR/1b/43)"]
[Site "?"]
[Date "1992.??.??"]
[Round "?"]
[White "Smeckert, Dennis"]
[Black "Walker, LeRoy"]
[Result "1/2-1/2"]
[WhiteElo "1605"]
[BlackElo "1700"]
[PlyCount "131"]
[EventDate "1992.??.??"]

1. e4 e6 2. d4 b6 3. Nf3 Bb7 4. Nbd2 c5 5. Bb5 a6 6. Be2 cxd4 7. O-O Nc6 8. Nb3
Nge7 9. Nfxd4 Nxd4 10. Qxd4 Nc6 11. Qd1 Be7 12. c3 O-O 13. Re1 Qc7 14. Bd3 Ne5
15. Bc2 Ng6 16. Be3 b5 17. Qe2 Rfd8 18. f3 d5 19. exd5 Bxd5 20. Bxg6 hxg6 21.
Qf2 Rdb8 22. Bd4 Bd6 23. g3 f6 24. Bc5 Kf7 25. Bxd6 Qxd6 26. Re3 Rh8 27. f4 Qb6
28. Nd4 b4 29. h4 bxc3 30. bxc3 Rab8 31. Rae1 Rhe8 32. Qe2 Qb2 33. Nb3 Qxe2 34.
R1xe2 Bxb3 35. axb3 Rxb3 36. c4 Rxe3 37. Rxe3 Rc8 38. Ra3 Rxc4 39. Rxa6 Rc2 40.
Ra7+ Kg8 41. Kf1 Rc6 42. Kf2 Kh7 43. Ra8 g5 44. hxg5 fxg5 45. Ra5 gxf4 46. gxf4
Kg6 47. Re5 Kf6 48. Ra5 Rc3 49. Rb5 Rd3 50. Ra5 Rd5 51. Ra4 Kf5 52. Ra7 Kxf4
53. Rxg7 Rd2+ 54. Ke1 Rb2 55. Ra7 e5 56. Ra3 e4 57. Rc3 Ke5 58. Ra3 Kd4 59. Rh3
Rc2 60. Ra3 Rb2 61. Kd1 e3 62. Ra8 Rb5 63. Ke2 Rb2+ 64. Ke1 Rb5 65. Ke2 Rb2+
66. Ke1 1/2-1/2

[Event "Lansing (Aug)"]
[Site "?"]
[Date "1992.??.??"]
[Round "?"]
[White "Smeckert, Dennis"]
[Black "Vaughn, Gerald"]
[Result "1-0"]
[WhiteElo "1605"]
[BlackElo "1605"]
[PlyCount "104"]
[EventDate "1992.??.??"]

1. e4 c5 2. Nc3 Nc6 3. g3 Nf6 4. Bg2 d6 5. d3 Bg4 6. f3 Bd7 7. Nge2 e6 8. O-O
h6 9. h3 Nd4 10. Nxd4 cxd4 11. Ne2 e5 12. c4 Bc6 13. b3 a6 14. Bb2 b5 15. Rc1
bxc4 16. Rxc4 Rc8 17. Qd2 d5 18. exd5 Nxd5 19. Nxd4 exd4 20. Re1+ Be7 21. Bxd4
O-O 22. Rec1 Nb6 23. Bxb6 Qxb6+ 24. Kh2 Rfd8 25. f4 Rd6 26. Qc2 Bf6 27. Rxc6
Rcxc6 28. Bxc6 Rxc6 29. Qxc6 Qf2+ 30. Qg2 Qd4 31. Rc8+ Kh7 32. Qe4+ g6 33. Qxd4
Bxd4 34. Rd8 Bc5 35. Kg2 a5 36. Kf3 Kg7 37. d4 Bb4 38. Ke4 Kf6 39. Re8 h5 40.
Kd5 g5 41. fxg5+ Kxg5 42. Kc6 f5 43. d5 h4 44. gxh4+ Kxh4 45. d6 Bxd6 46. Kxd6
Kxh3 47. Kc5 f4 48. Kb5 Kg4 49. Kxa5 f3 50. Rf8 Kg3 51. Kb5 f2 52. Rxf2 Kxf2
1-0

[Event "East Lansing (MI Am/5)"]
[Site "?"]
[Date "1992.??.??"]
[Round "?"]
[White "Smeckert, Dennis"]
[Black "Snobeck, Michael"]
[Result "1-0"]
[WhiteElo "1605"]
[BlackElo "1605"]
[PlyCount "58"]
[EventDate "1992.??.??"]

1. e4 c5 2. Nc3 d6 3. g3 g6 4. Bg2 Bg7 5. d3 Nf6 6. Nge2 Nc6 7. O-O O-O 8. f4
e6 9. h3 h5 10. Be3 Qe7 11. Qd2 e5 12. f5 Kh7 13. Bg5 Qe8 14. Nd5 Qd8 15. g4
Nb4 16. Nxb4 cxb4 17. gxh5 gxh5 18. h4 Kh8 19. Ng3 Qe8 20. Qxb4 Qc6 21. Qd2 b6
22. c4 Bb7 23. Qe2 Kg8 24. Bxf6 Qc5+ 25. Kh2 Bxf6 26. Nxh5 Bg7 27. f6 Bh6 28.
Qg4+ Kh7 29. Qd7 Kg6 1-0

[Event "Detroit (MOR/4/72)"]
[Site "?"]
[Date "1992.??.??"]
[Round "?"]
[White "Smeckert, Dennis"]
[Black "Neff, M."]
[Result "0-1"]
[WhiteElo "1605"]
[BlackElo "1685"]
[PlyCount "63"]
[EventDate "1992.??.??"]

{4/(72)} 1. e4 c5 2. Nc3 d6 3. g3 g6 4. Bg2 Bg7 5. d3 Nf6 6. Nge2 Nc6 7. O-O
O-O 8. h3 Bd7 9. f4 e6 10. Kh2 a6 11. Qe1 Nb4 12. Qd2 Qc7 13. a3 Nc6 14. Qe3
Rad8 15. g4 Bc8 16. g5 Ne8 17. Ng3 f6 18. f5 Nd4 19. Rf2 d5 20. fxg6 hxg6 21.
Qe1 dxe4 22. Ncxe4 Qe7 23. Be3 f5 24. Nf6+ Nxf6 25. Bxd4 Ng4+ 26. hxg4 Bxd4 27.
Re2 Bxb2 28. Rb1 Bxa3 29. Bxb7 Bb4 30. Rxb4 cxb4 31. Bxc8 Rxc8 32. Re3 0-1

[Event "East Lansing (MI Am/2)"]
[Site "?"]
[Date "1992.??.??"]
[Round "?"]
[White "Smeckert, Dennis"]
[Black "Kane, Paul"]
[Result "1-0"]
[WhiteElo "1605"]
[BlackElo "1605"]
[PlyCount "71"]
[EventDate "1992.??.??"]

1. e4 e5 2. Nf3 Nf6 3. Nxe5 d6 4. Nf3 Nxe4 5. d4 d5 6. Bd3 Bd6 7. O-O O-O 8. c4
c6 9. Re1 Re8 10. Qc2 Nf6 11. Rxe8+ Qxe8 12. Bg5 Nbd7 13. Nbd2 b5 14. c5 Be7
15. Re1 Qd8 16. Bxh7+ Kh8 17. Bd3 Nf8 18. Ne5 Ne4 19. Nxf7+ Kg8 20. Nxd8 Bxg5
21. Nxe4 dxe4 22. Bxe4 Bd7 23. Nxc6 Re8 24. Bd5+ Kh8 25. Rxe8 Bxe8 26. Nxa7 Bf6
27. c6 Bxd4 28. Qe4 Bxa7 29. Qxe8 b4 30. c7 b3 31. axb3 Kh7 32. Qxf8 Kg6 33.
c8=Q Bxf2+ 34. Kf1 Bd4 35. Qcf5+ Kh6 36. Qh8# 1-0

[Event "Detroit (MOR/6/85)"]
[Site "?"]
[Date "1992.??.??"]
[Round "?"]
[White "Smeckert, Dennis"]
[Black "Jointer, William"]
[Result "0-1"]
[WhiteElo "1605"]
[BlackElo "1700"]
[PlyCount "66"]
[EventDate "1992.??.??"]

{6/(85)} 1. e4 g6 2. Nf3 c5 3. g3 Nc6 4. Bg2 Bg7 5. c3 Nf6 6. Qc2 d5 7. d3 O-O
8. O-O Bg4 9. exd5 Nxd5 10. Be3 Nxe3 11. fxe3 Qd7 12. d4 cxd4 13. exd4 Rac8 14.
Qf2 b5 15. Nbd2 b4 16. Nb3 a5 17. d5 Qxd5 18. Nfd4 Qd7 19. Bxc6 Rxc6 20. Nxc6
Qxc6 21. cxb4 a4 22. Rac1 Qd5 23. Qc5 Qd7 24. Rc4 Be2 25. Nd4 Bxc4 26. Qxc4
Qxd4+ 27. Qxd4 Bxd4+ 28. Kg2 f6 29. b3 a3 30. Rc1 e5 31. Rc6 e4 32. Ra6 Re8 33.
Kf1 Rc8 0-1

[Event "Lansing (Apr)"]
[Site "?"]
[Date "1992.??.??"]
[Round "?"]
[White "Smeckert, Dennis"]
[Black "Bacon, K."]
[Result "0-1"]
[WhiteElo "1605"]
[BlackElo "1605"]
[PlyCount "76"]
[EventDate "1992.??.??"]

1. e4 c5 2. Nc3 d6 3. g3 a6 4. Bg2 Nf6 5. d3 e6 6. Nge2 Nc6 7. O-O Be7 8. f4
O-O 9. e5 dxe5 10. Bxc6 bxc6 11. fxe5 Ng4 12. Bf4 Qc7 13. Nc1 Nxe5 14. Bxe5
Qxe5 15. Qf3 Bb7 16. Nb3 c4 17. dxc4 Bc5+ 18. Kg2 Bb4 19. Rfe1 Qc7 20. Kh3 e5
21. a3 Qd7+ 22. g4 c5 23. Qe3 Bxc3 24. Nxc5 Bg2+ 25. Kxg2 Qxg4+ 26. Kh1 Bxe1
27. Rxe1 Rfe8 28. Ne4 Re6 29. Rg1 Qf4 30. Qe2 Rd8 31. Rg4 Qc1+ 32. Rg1 Qxb2 33.
Rg3 Qa1+ 34. Rg1 Qxa3 35. Rg3 Qa1+ 36. Rg1 Qd4 37. Rxg7+ Kxg7 38. Qg4+ Rg6 0-1

[Event "Flint (Class C/1)"]
[Site "?"]
[Date "1992.??.??"]
[Round "?"]
[White "Smeckert, Dennis"]
[Black "Anderson, D."]
[Result "1-0"]
[WhiteElo "1605"]
[BlackElo "1605"]
[PlyCount "129"]
[EventDate "1992.??.??"]

1. e4 c5 2. Nc3 d6 3. g3 e6 4. Bg2 Nf6 5. d3 Be7 6. Nf3 O-O 7. O-O Nc6 8. a3
Rb8 9. Na2 a5 10. b3 Nd7 11. Bb2 b5 12. b4 c4 13. dxc4 bxc4 14. Nd2 Nb6 15. Qg4
e5 16. Qe2 Ba6 17. c3 Qc7 18. bxa5 Nxa5 19. Nb4 Bb7 20. Rab1 Ra8 21. Nd5 Nxd5
22. exd5 Ba6 23. f4 f6 24. Qe3 Bb7 25. Ba1 Ba6 26. Bh3 Bc8 27. Bg2 Rb8 28. Rb4
Rxb4 29. axb4 Nb3 30. Nxb3 cxb3 31. Rc1 Bf5 32. Be4 Bd7 33. c4 Ba4 34. b5 Rb8
35. Bf3 Bd8 36. Bd1 Qb7 37. Kf1 Bb6 38. Qd3 Bc5 39. Bxb3 Bxb3 40. Qxb3 Ra8 41.
Bb2 Qb6 42. Qc2 Rc8 43. Ra1 Be3 44. Qe2 Qc5 45. Ra4 Qb6 46. Ra6 Qc5 47. Ba3
Qxc4 48. Qxc4 Rxc4 49. Bxd6 Rd4 50. Ra3 Bc1 51. Rb3 Rxd5 52. fxe5 fxe5 53. Bc7
Be3 54. Rxe3 Rxb5 55. Bxe5 Rb7 56. Bf4 h6 57. h4 Kh7 58. Ke2 Rf7 59. Kd3 g6 60.
Kc4 h5 61. Kd5 Rf5+ 62. Re5 Kg7 63. Rxf5 gxf5 64. Ke6 Kg6 65. Bg5 1-0

[Event "Detroit (MOR/2/111)"]
[Site "?"]
[Date "1992.??.??"]
[Round "?"]
[White "Smalec, Joseph"]
[Black "Schafer, Jurgen"]
[Result "0-1"]
[WhiteElo "1605"]
[BlackElo "1605"]
[PlyCount "58"]
[EventDate "1992.??.??"]

{2/(111)} 1. d4 Nf6 2. Bf4 d5 3. e3 Bf5 4. Bb5+ c6 5. Bd3 Bd7 6. Nf3 Nh5 7. O-O
Nxf4 8. exf4 h5 9. c4 e6 10. Ne5 Qf6 11. Re1 Be7 12. Na3 Qxf4 13. g3 Qf6 14.
Rc1 g5 15. Qa4 c5 16. Be2 Bxa4 17. b3 Bd7 18. Bxh5 Rxh5 19. g4 Rh4 20. Kg2 cxd4
21. Rcd1 Bd6 22. Nd3 Rxh2+ 23. Kf1 Bxa3 24. Re2 Rh1+ 25. Kg2 Rxd1 26. Ne1 Qf4
27. Nc2 Qxg4+ 28. Kh2 Bd6+ 29. Re5 Bxe5+ 0-1

[Event "Detroit (MOR/4/114)"]
[Site "?"]
[Date "1992.??.??"]
[Round "?"]
[White "Smalec, Joseph"]
[Black "Ruderman, M."]
[Result "0-1"]
[WhiteElo "1605"]
[BlackElo "1605"]
[PlyCount "54"]
[EventDate "1992.??.??"]

{4/(114)} 1. b4 e5 2. Bb2 d6 3. e4 Nf6 4. Bb5+ c6 5. Be2 Nxe4 6. Nf3 d5 7. O-O
Ng5 8. Nxe5 f6 9. Nf7 Nxf7 10. Bh5 g6 11. Bf3 Ne5 12. Be2 d4 13. f4 Nf7 14. c3
c5 15. bxc5 Bxc5 16. Qa4+ Bd7 17. Qc4 Qe7 18. Qd5 d3+ 19. Kh1 Qxe2 20. Na3 Bc6
21. Rae1 Bxd5 22. Rxe2+ dxe2 23. Re1 O-O 24. Rxe2 Nc6 25. Nb5 Rfe8 26. Rxe8+
Rxe8 27. Nc7 Re1# 0-1

[Event "Flint (Class A/1)"]
[Site "?"]
[Date "1992.??.??"]
[Round "?"]
[White "Smalec, John"]
[Black "Triplett, Thomas"]
[Result "0-1"]
[WhiteElo "1815"]
[BlackElo "1890"]
[PlyCount "62"]
[EventDate "1992.??.??"]

1. e4 c5 2. Nf3 d6 3. d4 cxd4 4. Nxd4 Nf6 5. Nc3 a6 6. Bg5 e6 7. Be2 Be7 8. Qd2
b5 9. a3 Bb7 10. f3 Nbd7 11. Nb3 Qc7 12. O-O Rc8 13. Kh1 d5 14. exd5 Bxd5 15.
Nxd5 Nxd5 16. Bxe7 Nxe7 17. c3 O-O 18. a4 Rb8 19. axb5 axb5 20. Ra5 Nc5 21. Ra3
Rfd8 22. Qg5 Rd5 23. Qh4 Nf5 24. Qf2 Nxb3 25. Rxb3 Rd2 26. Rd1 Qd6 27. Rxd2
Qxd2 28. h3 Ne3 29. Qg3 Rc8 30. Rxb5 Qxe2 31. Rb8 Qd1+ 0-1

[Event "Lansing (Apr)"]
[Site "?"]
[Date "1992.??.??"]
[Round "?"]
[White "Smalec, John"]
[Black "Triplett, Thomas"]
[Result "0-1"]
[WhiteElo "1850"]
[BlackElo "1910"]
[PlyCount "80"]
[EventDate "1992.??.??"]

1. e4 c5 2. Nf3 d6 3. Bb5+ Bd7 4. Bxd7+ Nxd7 5. O-O Ngf6 6. Nc3 e6 7. d4 cxd4
8. Nxd4 Be7 9. Kh1 O-O 10. f4 a6 11. Be3 Rc8 12. Qf3 b5 13. g4 b4 14. Nce2 e5
15. Nf5 exf4 16. Bxf4 Ne5 17. Bxe5 dxe5 18. Rad1 Qc7 19. Neg3 Bc5 20. Nxg7 Ne8
21. Nxe8 Rcxe8 22. Nh5 Be7 23. Qf5 f6 24. Rd7 Qc4 25. Rf2 Qf7 26. Rfd2 Qg6 27.
Rg2 Kh8 28. Ra7 Qh6 29. Qf1 Qe3 30. Rxa6 Qxe4 31. Re6 f5 32. Qb5 Rd8 33. Qxe5+
Qxe5 34. Rxe5 Bh4 35. gxf5 Rd1+ 36. Rg1 Rd2 37. Re7 Bxe7 38. f6 Bxf6 39. Rf1
Bg7 40. Rg1 Bxb2 0-1

[Event "Detroit (MOR/5/52)"]
[Site "?"]
[Date "1992.??.??"]
[Round "?"]
[White "Smalec, John"]
[Black "Taylor, E."]
[Result "1/2-1/2"]
[WhiteElo "1790"]
[BlackElo "1605"]
[PlyCount "97"]
[EventDate "1992.??.??"]

{5/(52)} 1. e4 c5 2. Nc3 Nc6 3. g3 d6 4. Bg2 g6 5. d3 Bg7 6. Be3 Nf6 7. h3 O-O
8. Qd2 Bd7 9. Bh6 e6 10. Bxg7 Kxg7 11. Nge2 b5 12. f4 Ne8 13. Nxb5 Rb8 14. Na3
e5 15. b3 Qf6 16. O-O exf4 17. Nxf4 Qe5 18. Nc4 Qd4+ 19. Kh2 Kg8 20. c3 Qg7 21.
Nd5 Ne5 22. Nce3 Qh6 23. Qe2 f5 24. exf5 Nf6 25. Nxf6+ Rxf6 26. Nd5 Rf7 27.
Rad1 gxf5 28. d4 cxd4 29. Rxd4 Re8 30. Qd1 Be6 31. Rh4 Qg6 32. Nf4 Qf6 33. Nxe6
Qxe6 34. Bd5 Qf6 35. Bxf7+ Nxf7 36. Qd3 Ng5 37. Rxf5 Re2+ 38. Qxe2 Qxf5 39.
Qe8+ Kg7 40. Qe7+ Kg6 41. Qxd6+ Kg7 42. Qd4+ Kg6 43. Qd6+ Kg7 44. Qh6+ Kh8 45.
Rf4 Qc2+ 46. Kg1 Qd1+ 47. Kg2 Qe2+ 48. Rf2 Qe4+ 49. Kh2 1/2-1/2